NLSUI OPAC header image

War time : (Record no. 213629)

MARC details
000 -LEADER
fixed length control field 01289cam a22003614a 4500
001 - CONTROL NUMBER
control field 16835509
005 - DATE AND TIME OF LATEST TRANSACTION
control field 20250610113314.0
008 - FIXED-LENGTH DATA ELEMENTS--GENERAL INFORMATION
fixed length control field 110620s2012 enka b 001 0 eng
010 ## - LIBRARY OF CONGRESS CONTROL NUMBER
LC control number 2011026311
016 7# - NATIONAL BIBLIOGRAPHIC AGENCY CONTROL NUMBER
Source Uk
020 ## - INTERNATIONAL STANDARD BOOK NUMBER
International Standard Book Number 9780199315857 (Paperback)
035 ## - SYSTEM CONTROL NUMBER
System control number (OCoLC)ocn730413891
040 ## - CATALOGING SOURCE
Original cataloging agency DLC
Transcribing agency DLC
Modifying agency BTCTA
-- YDXCP
-- AFQ
-- UKMGB
-- BDX
-- CLU
-- DLC
042 ## - AUTHENTICATION CODE
Authentication code pcc
043 ## - GEOGRAPHIC AREA CODE
Geographic area code n-us---
050 00 -
-- U21.2
-- .D75 2012
082 00 - DEWEY DECIMAL CLASSIFICATION NUMBER
Classification number 355.020973
Edition number 23
100 1# - MAIN ENTRY--PERSONAL NAME
Personal name Dudziak, Mary L.,
Dates associated with a name 1956-
245 10 - TITLE STATEMENT
Title War time :
Remainder of title an idea, its history, its consequences /
Statement of responsibility, etc. Mary L. Dudziak.
246 3# - VARYING FORM OF TITLE
Title proper/short title Wartime, an idea, its history, its consequences
260 ## - PUBLICATION, DISTRIBUTION, ETC.
Place of publication, distribution, etc. Oxford ;
-- New York :
Name of publisher, distributor, etc. Oxford University Press,
Date of publication, distribution, etc. c2012.
300 ## - PHYSICAL DESCRIPTION
Extent 221 p. :
Other physical details ill. ;
Dimensions 22 cm.
365 ## - TRADE PRICE
Price amount Rs. 2835.00
504 ## - BIBLIOGRAPHY, ETC. NOTE
Bibliography, etc. note Includes bibliographical references (p. [161]-209) and index.
505 0# - Contents
Contents What time is it? -- When was World War II? -- What kind of war was the Cold War? -- What is a War on Terror?
650 #0 - SUBJECT ADDED ENTRY--TOPICAL TERM
Topical term or geographic name entry element War.
650 #0 - SUBJECT ADDED ENTRY--TOPICAL TERM
Topical term or geographic name entry element War (Philosophy)
650 #0 - SUBJECT ADDED ENTRY--TOPICAL TERM
Topical term or geographic name entry element Time
General subdivision Philosophy.
650 #0 - SUBJECT ADDED ENTRY--TOPICAL TERM
Topical term or geographic name entry element Time
General subdivision Social aspects
Geographic subdivision United States.
651 #0 - SUBJECT ADDED ENTRY--GEOGRAPHIC NAME
Geographic name United States
General subdivision History, Military
Chronological subdivision 21st century.
651 #0 - SUBJECT ADDED ENTRY--GEOGRAPHIC NAME
Geographic name United States
General subdivision History, Military
Chronological subdivision 20th century.
942 ## - ADDED ENTRY ELEMENTS (KOHA)
Source of classification or shelving scheme Dewey Decimal Classification
Koha item type BOOKs
Holdings
Withdrawn status Lost status Source of classification or shelving scheme Materials specified (bound volume or other part) Damaged status Not for loan Home library Current library Shelving location Date acquired Source of acquisition Cost, normal purchase price Total Checkouts Full call number Barcode Date last seen Price effective from Koha item type Public note
    Dewey Decimal Classification PB     NLS NLS General Stacks 10/06/2025 Purchased - Educational Supplies 2835.00   355.020973 SAI 40195 10/06/2025 10/06/2025 BOOKs Recommended by Mr. Kunal Ambasta